Top 10 Largest Cities in North America - Sudden Death - Statistics

General Stats
  • This quiz has been taken 117 times
  • The average score is 4 of 10
Answers on the Grid
Answers color-coded by a green-red scale on the quiz's grid according to % correct below.
Mexico City
New York City
Los Angeles
Chicago
Toronto
Houston
Santo Domingo
Havana
Montreal
Phoenix
Ecatepec de Morelos
León
Philadelphia
Puebla
Juárez
Zapopan
San Antonio
Calgary
Guadalajara
San Diego
Dallas
Guatemala City
Port-au-Prince
Monterrey
Tegucigalpa
 
Answer Stats
Answer % Correct
New York City
89%
Mexico City
74%
Los Angeles
72%
Chicago
65%
Toronto
46%
Houston
37%
Phoenix
16%
Montreal
5%
Santo Domingo
5%
Havana
4%
No matching quizzes found
Score Distribution
Percent of People with Each Score
Percentile by Number Answered
Your Score History
You have not taken this quiz